Statystyki dla Rozpoznaj dzielnicę Warszawy po przystanku autobusowym/tramwajowym! #1

Kliknij tutaj aby rozwiązać quiz!

Ogólne statystyki

  • Ten quiz został rozwiązany 184 razy
  • Średni wynik to 8 z 15

Statystyki odpowiedzi

Nazwa przystankuDzielnica% Poprawnych
Rondo Daszyńskiego 03Wola
84%
PKP Toruńska 01Białołęka
81%
Wawelska 05Ochota
66%
Aleja Lotników 04Mokotów
64%
Wola Grzybowska 01Wesoła
58%
Most Grota-Roweckiego 02Żoliborz
57%
Sokratesa 01Bielany
56%
Płowiecka 01Wawer
56%
Oś Królewska 02Wilanów
54%
Klemensiewicza 01Bemowo
44%
Głębocka 01Białołęka
41%
Szancera 02Ursus
41%
Szyszkowa 03Włochy
38%
GoławskaPraga Południe
37%
Kościeliska 02Targówek
36%

Rozkład punktacji

Percentyl według liczby udzielonych odpowiedzi

Procent ludzi z każdym wynikiem

Twoja historia wyników

Nie rozwiązałeś tego quizu